000 00728nam a2200265Ia 4500
005 20260302115835.0
008 008 260114s9999 xx 000 0 eng d
020 _a9781978732506
037 _aTextbook
040 _aCRL
040 _beng
040 _cCRL
041 _2eng
041 _aeng
084 _qCRL
100 _aMagdalena Butrymowicz
_91122825
245 4 _aThe Legal Status and Perspectives of Ethnic Minorities in European States The Nationality Gambit
260 _bBloomsbury
260 _bLexington Books
260 _c2022
650 _aLaw
856 _uhttps://doi.org/10.5040/9781978732506?locatt=label:secondary_bloomsburyCollections
942 _cEBOOK
999 _c1687649
_d1687649